000 01940nam0a2200349 4500
001 RU\NLR\b_ik\163697
005 20260407171604.0
010 _a978-5-76920947-5
_9150
035 _a(NLR Aleph) 002236527
090 _a3499440
_c3499440
100 _a20071120d2007 |||y0rusy50 ca
101 0 _aeng
102 _aRU
105 _aa |||||||||
200 1 _aInternational symposium "Large igneous provinces of Asia, mantle plumes and metallogeny", Novosibirsk, Russia, 13-16 August 2007
210 _aNovosibirsk
_cPublishing house of SB RAS
_d2007
215 _a224 c.
_cил.
_d20
300 _aВ вып. дан.: Крупные магматические провинции Азии, мантийные плюмы и металлогения, Новосибирск, Россия, 13-16 августа 2007
300 _aВ надзаг.: Inst. of geology a. mineralogy, Siberian branch of Russ. acad. of sciences
320 _aБиблиогр. в конце докл.
517 0 _aКрупные магматические провинции Азии, мантийные плюмы и металлогения, Новосибирск, Россия, 13-16 августа 2007
606 1 _aМагматические комплексы
_jСъезды, совещания и т.п.
_yАзия
_92496319
_3RU\NLR\AUTH\661480845
606 1 _aМеталлогения
_jСъезды, совещания и т.п.
_yАзия
_91591307
_3RU\NLR\AUTH\66699485
606 1 _aПлюмы
_jСъезды, совещания и т.п.
_yАзия
_92496322
_3RU\NLR\AUTH\661480846
686 1 _aД342-09(5)я431(0)
686 1 _aД451-09(5)я431(0)
686 1 _aД312.1(5)я431(0)
710 1 2 _4070
_8eng
_a"Large igneous provinces of Asia, mantle plumes and metallogeny", international symposium
_f2007
_eNovosibirsk
_7ba
_3RU\NLR\AUTH\8810107938
_9716061
801 0 _aRU
_bNLR
_c20071120
_gRCR
942 _cBOOK
980 _aNB